Discours, cultures, comparaisons

Shranjeno v:
Bibliografske podrobnosti
Main Authors: Von Münchow, Patricia (Author), Rakotonoelina, Florimond (Author)
Format: Knjiga
Jezik:francoščina
Izdano: París Press Sorbonne Nouvelle 2006
Serija:Les Carnets du Cediscor, 9
Teme:
Oznake: Označite
Brez oznak, prvi označite!

MARC

LEADER 00000nam a2200000 a 4500
001 UCJ0091
003 CL-VaPUC
008 060623e20060000FR |||||||||||||||||fre|d
020 |a 2878543556 
082 0 4 |a 415  |b VON  |2 21 
100 0 |a Von Münchow, Patricia  |e author  |9 500165 
700 0 |a Rakotonoelina, Florimond  |e author  |9 500166 
245 1 0 |a Discours, cultures, comparaisons 
300 |a 193 p 
942 |c BK 
945 |d 20060623 00:00:00  |a jtorresc 
260 |a París  |b Press Sorbonne Nouvelle  |c 2006 
650 0 |a Lingüística  |9 265068 
650 0 |a Análisis del discurso  |9 256696 
650 0 |a Semiótica  |9 265317 
583 |a last modification  |c 20130305 01:31:07  |k Rodrigo Vera 
490 0 |a Les Carnets du Cediscor, 9 
999 |c 317075  |d 317073 
952 |0 0  |1 0  |4 0  |6 415_000000000000000_VON_2006  |7 0  |8 A  |9 392828  |a BIBEDU  |b BIBEDU  |d 2019-11-22  |i 4247094  |l 2  |m 1  |o 415 VON 2006  |p 4247094  |r 2023-09-13  |s 2023-09-05  |w 2019-11-22  |y BK  |k LIT